000 00579nam a22001817a 4500
003 UA-OsUOA
001 11955
007 ta
008 20050420b un ||||| |||| 00| 0 ukr d
100 _aСорокіна Е.А.
942 _cSA
040 _aUA-OsUOA
_cUA-OsUOA
_dUA-OsUOA
245 _aБунін - прозаїк, поет, перекладач
300 _aС.24-28
955 _a0
773 0 _w0
_tВсесвітня література та культура в навчальних закладах України
_dКиїв
_d2005
_g№3
650 7 _aБунін І.
_2UDC
999 _c298116
_d298116